Statistics for Football players starting with the letter W

Click here to take the quiz!

General Stats

  • This quiz has been taken 39 times
  • The average score is 9 of 16

Answer Stats

Answer% Correct
Kyle Walker
91%
Axel Witsel
86%
Timo Werner
86%
Willian
86%
Georginio Wijnaldum
83%
Theo Walcott
60%
Danny Welbeck
57%
Ollie Watkins
54%
Timothy Weah
54%
Wout Weghorst
54%
Ian Wright
46%
Marius Wolf
46%
Aaron Wan-Bissaka
43%
Chris Wood
34%
Danny Ward
26%
Marc Wilmots
20%

Score Distribution

Percentile by Number Answered

Percent of People with Each Score

Your Score History

You have not taken this quiz